| 000 | 00635nam a2200217 4500 | ||
|---|---|---|---|
| 003 | OSt | ||
| 005 | 20240702072124.0 | ||
| 006 | a | ||
| 008 | 240702b |||||||| |||| 00| 0 eng d | ||
| 020 | _a9812531580 | ||
| 040 |
_aDWCL-Main lib. _cOC |
||
| 082 | _aCirc. 571.6 K18c 2005 | ||
| 100 | _aKarp, Gerald | ||
| 245 | _aCell and molecular biology : concepts and experiments / | ||
| 260 |
_aSingapore : _bJohn Wiley & Sons Pte Ltd., _cc2005. |
||
| 300 |
_axxiv, _b780+ p. : ill. ; _c23 cm. |
||
| 504 | _aIncludes glossary and index. | ||
| 650 | _a1. Molecular biology. | ||
| 650 | _a2. Cytology. | ||
| 942 |
_2ddc _n0 _cBK-CIRC _kCirc. |
||
| 999 |
_c1819 _d1819 |
||